[Event "La Fere op 8th"]
[Site "La Fere"]
[Date "2009.07.06"]
[Round "3"]
[White "Dagnicourt, Francis"]
[Black "Chevance, Gerard"]
[Result "1-0"]
[WhiteElo "1765"]
[BlackElo "1709"]
[PlyCount "69"]
[EventDate "2009.07.04"]
[EventType "swiss"]
[EventRounds "9"]
[EventCountry "FRA"]
[SourceTitle "CBM 131 Extra"]
[Source "ChessBase"]
[SourceDate "2009.09.03"]
[SourceVersion "2"]
[SourceVersionDate "2009.09.16"]
[SourceQuality "1"]

1. d4 d5 2. e4 Nf6 3. f3 dxe4 4. Nc3 Bf5 5. g4 Bg6 6. g5 Nfd7 7. fxe4 e6 8. Nf3 Be7 9. h4 Bh5 10. Bg2 c6 11. 0-0 Qc7 12. e5 Nb6 13. Qe1 Nd5 14. Qf2 0-0 15. Ne4 Nd7 16. Bd2 a5 17. c4 N5b6 18. Nf6+ gxf6 19. gxf6 Nxf6 20. exf6 Bxf6 21. Ne5 Bxe5 22. dxe5 f5 23. Bh6 Rf7 24. Qf4 Qe7 25. Kh2 Kh8 26. Bf3 Bg4 27. Bxg4 Qxh4+ 28. Bh3 Qxf4+ 29. Rxf4 Rd8 30. Rg1 Rfd7 31. Bg7+ Kg8 32. Bh6+ Kh8 33. Rf2 Rd3 34. Rg5 Nxc4 35. Rg7 1-0